Central Library OPAC University of Rajshahi

নিশুত / (Record no. 86471)

MARC details
000 -LEADER
fixed length control field 00736nam a2200229 a 4500
001 - CONTROL NUMBER
control field 86471
003 - CONTROL NUMBER IDENTIFIER
rucl marc code BD-RjUL
005 - DATE AND TIME OF LATEST TRANSACTION
control field 20260513150351.0
008 - FIXED-LENGTH DATA ELEMENTS--GENERAL INFORMATION
fixed length control field 260513s2026 bg ||||| |||| 00| 0 ben d
020 ## - INTERNATIONAL STANDARD BOOK NUMBER
International Standard Book Number 9789843705914
035 ## - SYSTEM CONTROL NUMBER
System control number (BD-RjUL)86471
040 ## - CATALOGING SOURCE
Original cataloging agency BD-RjUL
Language of cataloging eng
Transcribing agency BD-RjUL
041 ## - LANGUAGE CODE
Language code of text/sound track or separate title ben
082 ## - DEWEY DECIMAL CLASSIFICATION NUMBER
Edition number 23
Classification number 891.443
Author mark and year SWN 2026
100 ## - MAIN ENTRY--PERSONAL NAME
Personal name সুইটি, আফসানা মিমি
9 (RLIN) 18462
245 ## - TITLE STATEMENT
Title নিশুত /
Statement of responsibility, etc. আফসানা মিমি সুইটি
260 ## - PUBLICATION, DISTRIBUTION, ETC. (IMPRINT)
Place of publication, distribution, etc. ঢাকা :
Name of publisher, distributor, etc. সমীক্ষণ,
Date of publication, distribution, etc. ২০২৬
300 ## - PHYSICAL DESCRIPTION
Pagination ৯৬ পৃ.;
Size ২২ সেমি.
650 ## - SUBJECT ADDED ENTRY--TOPICAL TERM
Topical term or geographic name as entry element বাংলা উপন্যাস
9 (RLIN) 18463
Topical term or geographic name as entry element Bengali novels
9 (RLIN) 18464
942 ## - ADDED ENTRY ELEMENTS (KOHA)
Source of classification or shelving scheme Dewey Decimal Classification
Koha item type Books
Holdings
Lost status Source of classification or shelving scheme Damaged status Not for loan Collection code Permanent Location Current Location Shelving location Date acquired Source of acquisition Total Checkouts Full call number Date last seen Copy number Koha item type
  Dewey Decimal Classification   Not For Loan Fiction Central Library, University of Rajshahi Central Library, University of Rajshahi Reading Room 19/04/2026 Author   B 891.443 SWN 2026 13/05/2026 C-1 Books
  Dewey Decimal Classification     Fiction Central Library, University of Rajshahi Central Library, University of Rajshahi General Stacks 19/04/2026 Author   B 891.443 SWN 2026 13/05/2026 C-2 Books